The cosmical knowledge and the human computer : excerpts and supplements /

Guardado en:
Autor Principal: Costescu, Ion.
Formato: Libro
Idioma:English
Publicado: [Timisoara, Romania] : University of Timisoara, 1996.
Materias:
Etiquetas: Agregar Etiqueta
Sin Etiquetas, Sea el primero en etiquetar este registro!
LEADER 00731cam a2200205 a 4500
001 MAT.inmabb006164
008 980331s1996####rm#a#####b####000#0#eng#d
005 20151118153651.0
245 1 4 |a The cosmical knowledge and the human computer :  |b excerpts and supplements /  |c Ion Costescu. 
260 |a [Timisoara, Romania] :  |b University of Timisoara,  |c 1996. 
300 |a vi, 115 p. :  |b il. ;  |c 24 cm. 
504 |a Incluye referencias bibliográficas (p. 114-115). 
020 |a 9735781514 
100 1 |a Costescu, Ion. 
650 0 |a Logic, Symbolic and mathematical. 
650 0 |a Knowledge, Theory of. 
084 |a 03A05 (03B20 03B99 51M10)  |2 MR 
010 |a  98133504  
040 |a TxU  |c TxU  |d CU  |d DLC 
859 |h 03  |i C842  |p A-8593  |b BIB. MATEMATICA